Геология, методы поисков, разведки и оценки месторождений неметаллических полезных ископаемых (Запись № 2118031)

Подробности
000 -МАРКЕР
контрольное поле 09891nas1a22007331i 4500
001 - ИДЕНТИФИКАТОР ЗАПИСИ
контрольное поле RU\NLR\INFOCOMM15\1000068568
005 - ИДЕНТИФИКАТОР ВЕРСИИ
контрольное поле 20240725205413.0
011 ## - МЕЖДУНАРОДНЫЙ СТАНДАРТНЫЙ НОМЕР СЕРИАЛЬНОГО ИЗДАНИЯ (ISSN)
Номер (ISSN) 0235-5558
035 ## - ДРУГИЕ СИСТЕМНЫЕ НОМЕРА
Идентификатор записи (NLR Aleph) 002748354
100 ## - ДАННЫЕ ОБЩЕЙ ОБРАБОТКИ
Данные общей обработки 20040211c1969 |||y0rusy50 ca
101 0# - ЯЗЫК РЕСУРСА
Язык текста, звукозаписи и т.д. русский
102 ## - СТРАНА ПУБЛИКАЦИИ ИЛИ ПРОИЗВОДСТВА
Страна публикации Российская Федерация
110 ## - ПОЛЕ КОДИРОВАННЫХ ДАННЫХ: ПРОДОЛЖАЮЩИЕСЯ РЕСУРСЫ
Кодированные данные продолжающегося ресурса zyu||||0|y0
200 1# - ЗАГЛАВИЕ И СВЕДЕНИЯ ОБ ОТВЕТСТВЕННОСТИ
Основное заглавие Геология, методы поисков, разведки и оценки месторождений неметаллических полезных ископаемых
Сведения, относящиеся к заглавию Обзор. информ.
Первые сведения об ответственности ВНИИ экономики минер. сырья и геол.-развед. работ (ВИЭМС)
210 ## - ПУБЛИКАЦИЯ, РАСПРОСТРАНЕНИЕ И ДР.
Место издания, распространения и т.д. М.
Дата издания, распространения и т.д. 1969-
225 1# - СЕРИЯ
Основное заглавие серии Обзор
300 ## - ОБЩИЕ ПРИМЕЧАНИЯ
Текст примечания В надзаг. также: М-во геологии СССР
300 ## - ОБЩИЕ ПРИМЕЧАНИЯ
Текст примечания За 1971-1987 выходил ненум. выпусками. Описания см. в каталоге книг под загл. каждого выпуска
311 ## - ПРИМЕЧАНИЯ, ОТНОСЯЩИЕСЯ К ПОЛЯМ СВЯЗИ (ПРИМЕЧАНИЯ О СВЯЗИ С ДРУГИМИ ПРОИЗВЕДЕНИЯМИ (ИЗДАНИЯМИ))
Текст примечания Образовано в результате разделения: Обзор. Сер. "Методика съемки, поисков, разведки и оценки месторождений полезных ископаемых"/ ВНИИ экономики минер. сырья и геол.-развед. работ (ш. П7/1120)
430 #1 - ПРОДОЛЖЕН
Встроенное поле 2001#$aОбзор
-- 2251#$aГеология, методы поисков и разведки месторождений неметаллических полезных ископаемых
Заглавие Обзор
430 #1 - ПРОДОЛЖЕН
Встроенное поле 2001#$aГеология, методы поисков и разведки месторождений неметаллических полезных ископаемых
Заглавие Геология, методы поисков и разведки месторождений неметаллических полезных ископаемых
430 #1 - ПРОДОЛЖЕН
Встроенное поле 2001#$aГеология, экономика, методы прогноза, поисков, оценки и разведки месторождений твердых полезных ископаемых
Заглавие Геология, экономика, методы прогноза, поисков, оценки и разведки месторождений твердых полезных ископаемых
431 #1 - ПРОДОЛЖЕН ЧАСТИЧНО
Встроенное поле 2001#$aОбзор$iМетодика съемки, поисков, разведки и оценки месторождений полезных ископаемых$fВНИИ экономики минер. сырья и геол.-развед. работ
-- 852##$aNLR$jП7/1120
Заглавие Обзор
712 02 - НАИМЕНОВАНИЕ ОРГАНИЗАЦИИ - ВТОРИЧНАЯ ОТВЕТСТВЕННОСТЬ
Начальный элемент ввода Всесоюзный научно-исследовательский институт экономики минерального сырья и геологоразведочных работ
Код отношения Прочие
801 #1 - ИСТОЧНИК ЗАПИСИ
Страна Российская Федерация
Организация InfoComm
Дата составления 20040211
801 #0 - ИСТОЧНИК ЗАПИСИ
Страна Российская Федерация
Организация NLR
Правила каталогизации PSBO
852 ## - МЕСТОНАХОЖДЕНИЕ И ШИФР ХРАНЕНИЯ
Идентификатор организации NLR
Шифр хранения (Call Number) П51/793
942 ## - ДОПОЛНИТЕЛЬНЫЕ ЭЛЕМЕНТЫ ЗАПИСИ (АБИС)
Тип экземпляра АБИС Продолжающееся издание
980 ## - КОЛЛЕКЦИЯ
Название коллекции Русская периодика

Нет доступных экземпляров.